000 01531nam a2200265 a 4500
005 20200104041551.0
008 140123b2004 ck ||||| |||| 00| 0 spa d
020 _a193072330X
041 _aspa
044 _ack
090 _aIAVH
_b00345
100 _aArango Caro, Sandra
_94865
245 _aGuía de plantas medicinales de uso común en Salento, Colombia
260 _aQuindío
_bMissouri Botanical Garden Press
_c2004
300 _a71 p.
520 _aLos objetivos del proyecto fueron: realizar un estudio exhaustivo y cuantitativo sobre el uso, la ecología y la propagación de las especies de la región; ofrecer alternativas de educación y capacitación para las mujeres de Salento sobre el uso de las plantas, su ecología y propagacion y en aspectos administrativos y manejo de datos; reconocer los saberes tradicionales de la comunidad como mecanismo de transferencia de esos conocimientos y promover la conciencia sobre la conservación de los recursos naturales.La guía presenta información sobre 29 especies de plantas medicinales, proporcionada por la comunidad por medio de entrevistas semi-estructuradas y dividida en cuatro secciones: características generales; uso medicinal; utilización de la planta; propagación de la especie
650 _aPlantas medicinales
_924955
650 _aUso
_9295
650 _aEcología
_992250
650 _aPropagación
_924958
650 _aSaberes tradicionales
_94868
650 _aBioconservación
_94869
942 _cCD-ROM
_2z
_02
945 _d2005-06-13
999 _c4542
_d4542